[Event "Ulm/Neu Ulm-ch"]
[Site "Ulm/Neu Ulm"]
[Date "2006.12.01"]
[Round "6"]
[White "Heinrich, Klaus"]
[Black "Topalovic, Ljubislav"]
[Result "1-0"]
[WhiteElo "1824"]
[BlackElo "1583"]
[PlyCount "57"]
[EventDate "2006.09.22"]
[EventType "swiss"]
[EventRounds "7"]
[EventCountry "GER"]
[SourceTitle "EXT 2011"]
[Source "ChessBase"]
[SourceDate "2010.11.26"]
[SourceVersion "1"]
[SourceVersionDate "2010.11.26"]
[SourceQuality "1"]

1. f4 d5 2. Nf3 Nf6 3. e3 g6 4. b3 Bg7 5. Bb2 0-0 6. Be2 c5 7. 0-0 Nc6 8. Ne5 Qb6 9. Nxc6 Qxc6 10. Bf3 Qd7 11. Qe2 b6 12. d3 Bb7 13. Nd2 Rad8 14. Be5 Ne8 15. Bxg7 Nxg7 16. Rf2 Rfe8 17. g4 e5 18. f5 e4 19. Bg2 exd3 20. cxd3 d4 21. e4 gxf5 22. gxf5 Nxf5 23. Bh3 f6 24. Bxf5 Qg7+ 25. Rg2 Bc8 26. Rxg7+ Kxg7 27. Qg4+ Kh8 28. Qh5 Rg8+ 29. Kf2 1-0

[Event "Ulm/Neu Ulm-ch"]
[Site "Ulm/Neu Ulm"]
[Date "2006.11.17"]
[Round "5"]
[White "Topalovic, Ljubislav"]
[Black "Schroettner, Erwin"]
[Result "1-0"]
[WhiteElo "1583"]
[BlackElo "1386"]
[PlyCount "57"]
[EventDate "2006.09.22"]
[EventType "swiss"]
[EventRounds "7"]
[EventCountry "GER"]
[SourceTitle "EXT 2011"]
[Source "ChessBase"]
[SourceDate "2010.11.26"]
[SourceVersion "1"]
[SourceVersionDate "2010.11.26"]
[SourceQuality "1"]

1. e4 e5 2. Nc3 Nf6 3. f4 exf4 4. d4 Bb4 5. Bd3 Nc6 6. Nf3 d6 7. Bxf4 Bxc3+ 8. bxc3 0-0 9. 0-0 Na5 10. e5 dxe5 11. Nxe5 Nd5 12. Bd2 c6 13. Qh5 g6 14. Qd1 Be6 15. Nf3 b5 16. Qe2 Bg4 17. h3 Re8 18. Qf2 Be6 19. Ng5 Qc7 20. Qh4 h5 21. Ne4 Qe7 22. Bg5 f6 23. Nxf6+ Nxf6 24. Rxf6 Qxf6 25. Bxf6 Kf7 26. Be5 Re7 27. Bxg6+ Kxg6 28. Qxe7 Bd5 29. Qf6+ 1-0

[Event "Ulm/Neu Ulm-ch"]
[Site "Ulm/Neu Ulm"]
[Date "2006.10.08"]
[Round "2"]
[White "Stiller, Norbert"]
[Black "Topalovic, Ljubislav"]
[Result "0-1"]
[WhiteElo "1280"]
[BlackElo "1583"]
[PlyCount "66"]
[EventDate "2006.09.22"]
[EventType "swiss"]
[EventRounds "7"]
[EventCountry "GER"]
[SourceTitle "EXT 2011"]
[Source "ChessBase"]
[SourceDate "2010.11.26"]
[SourceVersion "1"]
[SourceVersionDate "2010.11.26"]
[SourceQuality "1"]

1. d4 Nf6 2. Nf3 d5 3. e3 Nc6 4. c3 Bg4 5. Bd3 e5 6. dxe5 Nxe5 7. Be2 Nxf3+ 8. Bxf3 Be6 9. Nd2 Be7 10. 0-0 0-0 11. Qc2 c5 12. b3 Rc8 13. c4 b6 14. Bb2 Qc7 15. Be2 Rfd8 16. f4 g6 17. Nf3 Ng4 18. Qc3 Bf6 19. Ne5 d4 20. exd4 cxd4 21. Qg3 Nxe5 22. fxe5 Bxe5 23. Qh4 Bg7 24. Rf3 Qc5 25. Rd3 Bf5 26. Bg4 Bxd3 27. Bxc8 Rxc8 28. Rd1 Be2 29. Bxd4 Bxd4+ 30. Rxd4 Re8 31. Kh1 f5 32. Rd7 Bh5 33. Qf6 Re1# 0-1

[Event "Ulm/Neu Ulm-ch"]
[Site "Ulm/Neu Ulm"]
[Date "2006.09.22"]
[Round "1"]
[White "Topalovic, Ljubislav"]
[Black "Linder, Peter"]
[Result "0-1"]
[WhiteElo "1583"]
[BlackElo "2042"]
[PlyCount "102"]
[EventDate "2006.09.22"]
[EventType "swiss"]
[EventRounds "7"]
[EventCountry "GER"]
[SourceTitle "EXT 2011"]
[Source "ChessBase"]
[SourceDate "2010.11.26"]
[SourceVersion "1"]
[SourceVersionDate "2010.11.26"]
[SourceQuality "1"]

1. e4 c5 2. Nc3 Nc6 3. f4 e6 4. Nf3 d5 5. exd5 exd5 6. d4 Nf6 7. Bb5 a6 8. Be2 Bd6 9. 0-0 cxd4 10. Nxd4 Qb6 11. Be3 Qxb2 12. Na4 Qa3 13. c3 Be7 14. Bc1 Qd6 15. Nb6 Rb8 16. a4 Qc5 17. Nxc8 Rxc8 18. Bb2 0-0 19. Kh1 Nxd4 20. Ba3 Qc7 21. Bxe7 Qxe7 22. cxd4 Rfe8 23. Bf3 Ne4 24. Rc1 Qa3 25. Bxe4 dxe4 26. Rxc8 Rxc8 27. d5 Qd3 28. d6 Rd8 29. Re1 Qxd6 30. Qxd6 Rxd6 31. g3 f5 32. Kg1 Kf7 33. Rc1 Ke6 34. Rc7 Rd7 35. Rc5 g6 36. Re5+ Kd6 37. a5 Re7 38. Rxe7 Kxe7 39. Kf2 Kd6 40. Ke3 Kc5 41. g4 Kb5 42. Kd4 Kxa5 43. Kc3 b5 44. gxf5 gxf5 45. h4 b4+ 46. Kc2 e3 47. Kd3 b3 48. Kc3 e2 49. Kb2 Kb4 50. h5 e1Q 51. h6 Qd2+ 0-1

[Event "Ulm/Neu Ulm-ch"]
[Site "Ulm/Neu Ulm"]
[Date "2005.??.??"]
[Round "?"]
[White "Topalovic, Ljubislav"]
[Black "Lepschi, Albert"]
[Result "1/2-1/2"]
[WhiteElo "1570"]
[BlackElo "1676"]
[PlyCount "108"]
[EventDate "2005.11.26"]
[EventType "swiss"]
[EventRounds "7"]
[EventCountry "GER"]
[SourceTitle "EXT 2011"]
[Source "ChessBase"]
[SourceDate "2010.11.26"]
[SourceVersion "1"]
[SourceVersionDate "2010.11.26"]
[SourceQuality "1"]

1. e4 c6 2. f4 d5 3. exd5 cxd5 4. d4 Nf6 5. Nf3 Nc6 6. a4 a6 7. c3 Bg4 8. h3 Bxf3 9. Qxf3 e6 10. Bd3 Na5 11. Qd1 Qc7 12. 0-0 Nc4 13. Nd2 Bd6 14. Nxc4 dxc4 15. Bc2 0-0 16. g4 b5 17. axb5 axb5 18. Rxa8 Rxa8 19. Bd2 Nd5 20. Be4 Rd8 21. Qc2 Nf6 22. Bg2 h6 23. Rf3 Nd5 24. Qc1 Rc8 25. Rf1 Ne7 26. Qc2 Ng6 27. Qe4 Nh4 28. Bh1 Rf8 29. Qb7 Rb8 30. Qxc7 Bxc7 31. Ra1 Ng6 32. f5 exf5 33. gxf5 Nf8 34. Ra8 Rb6 35. Be3 b4 36. d5 bxc3 37. bxc3 Rb1+ 38. Kg2 Rb5 39. Kf2 Bd6 40. Be4 Rb8 41. Rxb8 Bxb8 42. Bc5 Nd7 43. Bb4 Ba7+ 44. Ke2 Nc5 45. Bxc5 Bxc5 46. Bb1 Kf8 47. Ba2 Ke7 48. Kf3 Kd6 49. Ke4 Ba3 50. Kd4 g5 51. Bxc4 Bc5+ 52. Ke4 f6 53. Be2 Bf2 54. c4 Bc5 1/2-1/2

[Event "Ulm/Neu Ulm-ch"]
[Site "Ulm/Neu Ulm"]
[Date "2005.??.??"]
[Round "?"]
[White "Topalovic, Ljubislav"]
[Black "Simon, Nikolai"]
[Result "1-0"]
[WhiteElo "1570"]
[BlackElo "1600"]
[PlyCount "51"]
[EventDate "2005.11.26"]
[EventType "swiss"]
[EventRounds "7"]
[EventCountry "GER"]
[SourceTitle "EXT 2011"]
[Source "ChessBase"]
[SourceDate "2010.11.26"]
[SourceVersion "1"]
[SourceVersionDate "2010.11.26"]
[SourceQuality "1"]

1. e4 b6 2. d4 Bb7 3. Nc3 e6 4. f4 Bb4 5. Bd3 Nf6 6. Qe2 0-0 7. Nf3 d5 8. e5 Ne4 9. Bd2 Nxd2 10. Qxd2 c5 11. a3 cxd4 12. Nxd4 Bc5 13. Nce2 Nc6 14. c3 a5 15. Nb3 f6 16. Nxc5 bxc5 17. exf6 Qxf6 18. 0-0 e5 19. fxe5 Qxe5 20. Rae1 Qd6 21. Ng3 g6 22. Qg5 Rxf1+ 23. Nxf1 d4 24. Bc4+ Kg7 25. Ng3 h6 26. Nf5+ 1-0

[Event "Ulm/Neu Ulm-ch"]
[Site "Ulm/Neu Ulm"]
[Date "2004.12.10"]
[Round "7"]
[White "Dorer, Manfred"]
[Black "Topalovic, Ljubislav"]
[Result "1/2-1/2"]
[WhiteElo "1799"]
[BlackElo "1618"]
[PlyCount "56"]
[EventDate "2004.09.17"]
[EventType "swiss"]
[EventRounds "7"]
[EventCountry "GER"]
[SourceTitle "EXT 2011"]
[Source "ChessBase"]
[SourceDate "2010.11.26"]
[SourceVersion "1"]
[SourceVersionDate "2010.11.26"]
[SourceQuality "1"]

1. e4 e5 2. Nf3 Nc6 3. Bb5 Bc5 4. 0-0 d6 5. d4 exd4 6. Nxd4 Bd7 7. Nxc6 Bxc6 8. Bxc6+ bxc6 9. Nd2 Nf6 10. Re1 0-0 11. Nb3 Bb6 12. Bg5 h6 13. Bh4 g5 14. Bg3 Re8 15. e5 dxe5 16. Bxe5 Qxd1 17. Raxd1 Bxf2+ 18. Kxf2 Ng4+ 19. Kf1 Nxe5 20. h3 f6 21. Nc5 Nc4 22. Rxe8+ Rxe8 23. Rd7 Nxb2 24. Rxc7 Nc4 25. Rxc6 Ne3+ 26. Kf2 Nxc2 27. Rxf6 Kg7 28. Rd6 Re7 1/2-1/2

[Event "Ulm/Neu Ulm-ch"]
[Site "Ulm/Neu Ulm"]
[Date "2004.09.17"]
[Round "1"]
[White "Topalovic, Ljubislav"]
[Black "Gebhardt, Uwe"]
[Result "0-1"]
[WhiteElo "1618"]
[BlackElo "1980"]
[PlyCount "55"]
[EventDate "2004.09.17"]
[EventType "swiss"]
[EventRounds "7"]
[EventCountry "GER"]
[SourceTitle "EXT 2011"]
[Source "ChessBase"]
[SourceDate "2010.11.26"]
[SourceVersion "1"]
[SourceVersionDate "2010.11.26"]
[SourceQuality "1"]

1. e4 g6 2. d4 Bg7 3. Nf3 d6 4. Bd3 Nc6 5. c3 e5 6. d5 Nce7 7. Bb5+ c6 8. dxc6 bxc6 9. Bd3 Nf6 10. 0-0 0-0 11. Re1 Ne8 12. Be3 h6 13. h4 f5 14. exf5 gxf5 15. Nh2 f4 16. Bd2 Nf5 17. Bxf5 Bxf5 18. g3 Rb8 19. b4 Rb7 20. Na3 d5 21. g4 Bc8 22. h5 f3 23. Nc2 Qh4 24. Ne3 e4 25. Qb3 Nf6 26. Nef1 Nxg4 27. Rxe4 Qxf2+ 28. Kh1 0-1